000 00525nam a2200157 i 4500
001 bg
245 0 _aKatalog Nakładów Rzeczowych nr 7-04 /
_cMinisterstwo Budownictwa i Przemysłu Materiałów Budowlanych ; Centralny Ośr. Badawczo-Projektowy Konstrukcji Metalowych MOSTOSTAL.
254 _aKNR7-04
260 _aWarszawa :
_bWydawnictwa Akcydensowe,
_c1985.
650 9 _aoczyszczalnia ścieków
650 9 _aurządzenia
040 _cBPK
041 _apl
942 _cKA
008 s pl f |000 0 pol
999 _c10119
_d10119
856 _uhttp://koha.tu.koszalin.pl/cgi-bin/koha/opac-detail.pl?biblionumber=10119
_yKatalog online BPK